[Event "Mechanics' Litowsky TNM; 30/90, SD/30"]
[Site "San Francisco"]
[Date "2011.09.06"]
[Round "6.16"]
[White "Drane, Robert"]
[Black "Macintyre, Brendan"]
[Result "1-0"]
[WhiteElo "1850"]
[BlackElo "1657"]
[PlyCount "27"]
[EventDate "2011.??.??"]

1. e4 c5 2. Nf3 Nc6 3. Bb5 g6 4. Bxc6 dxc6 5. O-O Bg7 6. Re1 Nf6 7. e5 Nd5 8.
d4 cxd4 9. Qxd4 O-O 10. Qh4 Bf5 11. Bh6 Bxc2 12. Ng5 Nf6 13. Bxg7 Kxg7 14.
exf6+ 1-0

[Event "Mechanics' Litowsky TNM; 30/90, SD/30"]
[Site "San Francisco"]
[Date "2011.08.23"]
[Round "4.16"]
[White "Eytan, David"]
[Black "Abraham, Renjish"]
[Result "0-1"]
[WhiteElo "1608"]
[BlackElo "1860"]
[PlyCount "120"]
[EventDate "2011.??.??"]

1. e4 c5 2. d4 cxd4 3. c3 dxc3 4. Bc4 e6 5. Nf3 Qc7 6. Bb3 Nc6 7. O-O b6 8.
Nxc3 Ba6 9. Re1 Bb4 10. Bd2 Nge7 11. Rc1 Qb7 12. Ne2 Bxd2 13. Qxd2 O-O 14. Nf4
g6 15. e5 Nf5 16. g4 Ng7 17. h4 Ne7 18. Rc3 Rac8 19. Rec1 Rxc3 20. Rxc3 Rc8 21.
Rxc8+ Qxc8 22. Ng5 Bb7 23. Bc2 Nd5 24. Nxd5 Bxd5 25. h5 Qc4 26. Qd1 Qf4 27. Nh3
Qxe5 28. h6 Ne8 29. g5 Bc6 30. b3 Qd5 31. Qxd5 Bxd5 32. Nf4 Bb7 33. Nd3 d6 34.
f4 Nc7 35. Kf2 Nd5 36. Kg3 Nc3 37. a3 Be4 38. Kf2 Nd5 39. Kg3 f5 40. gxf6 Nxf6
41. Kh4 Kf7 42. Kg5 Bf5 43. Nb4 Bxc2 44. Nxc2 Ne4+ 45. Kg4 Kf6 46. Ne3 d5 47.
Nc2 e5 48. fxe5+ Kxe5 49. Nb4 Kd6 50. Nd3 Nf6+ 51. Kf4 Ng8 52. Kg5 d4 53. b4
Kd5 54. Nf4+ Ke4 55. Nxg6 Nxh6 56. Nf4 Ng8 57. Nh5 d3 58. Ng3+ Ke3 59. Nf5+ Ke2
60. Nd4+ Ke1 0-1

[Event "Mechanics' Litowsky TNM; 30/90, SD/30"]
[Site "San Francisco"]
[Date "2011.08.30"]
[Round "5.15"]
[White "Eytan, David"]
[Black "Dembling, Arthur"]
[Result "1-0"]
[WhiteElo "1608"]
[BlackElo "1796"]
[PlyCount "77"]
[EventDate "2011.??.??"]

1. f4 Nf6 2. Nf3 d6 3. e3 Bg4 4. Bd3 c5 5. O-O Nc6 6. Nc3 g6 7. Ne2 Bg7 8. c3
O-O 9. Ng3 d5 10. f5 c4 11. Bc2 Ne5 12. fxg6 hxg6 13. Kh1 Qc7 14. d4 Nxf3 15.
gxf3 Bh3 16. Rg1 Rfe8 17. Bd2 b5 18. Qe2 e5 19. Rae1 exd4 20. cxd4 a5 21. Qf2
b4 22. Ne2 Qd7 23. Rg3 Nh5 24. Rg5 Bh6 25. Rxh5 gxh5 26. Qg3+ Kf8 27. Nf4 Bxf4
28. Qxf4 Qe6 29. Qh4 Bf5 30. e4 Bg6 31. Bh6+ Kg8 32. Rg1 Kh7 33. exd5 Qe2 34.
Qf6 Rg8 35. Qxf7+ Kh8 36. Bxg6 Rxg6 37. Rxg6 Qd1+ 38. Rg1 Qxd4 39. Bg7+ 1-0

[Event "Mechanics' Litowsky TNM; 30/90, SD/30"]
[Site "San Francisco"]
[Date "2011.09.27"]
[Round "9.17"]
[White "Eytan, David"]
[Black "Standen, Julian"]
[Result "1-0"]
[WhiteElo "1608"]
[BlackElo "1668"]
[Annotator "Donaldson"]
[PlyCount "71"]
[EventDate "2011.??.??"]

1. f4 d5 2. Nf3 Nf6 3. e3 Bg4 4. Bd3 Nbd7 5. O-O e6 6. Nc3 c6 7. Ne2 Bd6 8. b3
O-O 9. Bb2 Bxf3 10. Rxf3 e5 11. fxe5 Nxe5 12. Bxe5 Bxe5 13. Rc1 Ne4 14. Rh3 g6
15. Nf4 Qd6 16. c4 Bxf4 17. exf4 Qxf4 18. Bxe4 Qxe4 19. Re3 Qd4 20. Qe2 Rae8
21. cxd5 Rxe3 22. dxe3 Qxd5 23. Rd1 Qe6 24. Rd4 Re8 25. Kf2 f5 26. Qd3 Re7 27.
Rd8+ Kg7 28. g3 Qe5 29. Qd2 g5 30. Ra8 a6 31. a4 Qe6 32. Qd4+ Kg6 33. Rf8 Rf7
$2 (33... Rd7 $19) 34. Rg8+ Kh6 $4 35. h4 $1 gxh4 36. Qxh4# 1-0

[Event "Mechanics' Litowsky TNM; 30/90, SD/30"]
[Site "San Francisco"]
[Date "2011.08.23"]
[Round "4.25"]
[White "Frank, Robert"]
[Black "Allen, Tom"]
[Result "0-1"]
[WhiteElo "1375"]
[BlackElo "1551"]
[PlyCount "122"]
[EventDate "2011.??.??"]

1. d4 d5 2. Nf3 Nc6 3. e3 Bg4 4. c4 e6 5. h3 Bb4+ 6. Bd2 Bxd2+ 7. Nbxd2 Bh5 8.
cxd5 Qxd5 9. Bc4 Qa5 10. O-O Nf6 11. Nb3 Qf5 12. Be2 Qd5 13. Nfd2 Bg6 14. Bf3
Qd6 15. Re1 O-O 16. Nc4 Qd7 17. e4 Rad8 18. h4 h6 19. e5 Nd5 20. Be4 Nde7 21.
h5 Bf5 22. g4 Bxe4 23. Rxe4 Qd5 24. Qc2 Nb4 25. Qe2 f5 26. exf6 Rxf6 27. a3
Nbc6 28. Rc1 Rdf8 29. Rf1 b5 30. Ncd2 a5 31. Qe3 Qd6 32. Nc1 Nd5 33. Qb3 Rf4
34. Ne2 Rxe4 35. Nxe4 Qe7 36. Qg3 e5 37. dxe5 Nxe5 38. f4 Nc4 39. N4c3 Qc5+ 40.
Kh2 Nxb2 41. Nxd5 Qxd5 42. Qc3 Nc4 43. Rc1 Re8 44. Ng3 Re3 45. Qc2 Qd3 46. Qxd3
Rxd3 47. a4 c6 48. Ra1 Ra3 49. Rxa3 Nxa3 50. Ne4 b4 51. Nc5 Nc4 52. Nb3 Kf7 53.
Kg2 Ke6 54. Kf3 Kd5 55. g5 hxg5 56. fxg5 Ke6 57. Kf4 Nb6 58. Nxa5 c5 59. g6 Kf6
60. Nc6 b3 61. Na5 b2 0-1

[Event "Mechanics' Litowsky TNM; 30/90, SD/30"]
[Site "San Francisco"]
[Date "2011.08.16"]
[Round "3.21"]
[White "Frank, Robert"]
[Black "Eytan, David"]
[Result "0-1"]
[WhiteElo "1375"]
[BlackElo "1608"]
[PlyCount "64"]
[EventDate "2011.??.??"]

1. d4 f5 2. Nf3 Nf6 3. c4 e6 4. Nc3 Bb4 5. a3 Bxc3+ 6. bxc3 Ne4 7. Qb3 O-O 8.
e3 Nc6 9. c5 Ne7 10. Bd3 Ng6 11. O-O Ng5 12. Nd2 Nh4 13. f4 b6 14. fxg5 Qxg5
15. Rf2 Bb7 16. e4 Nxg2 17. Rxg2 $2 (17. Nf3 $1) 17... Qe3+ 18. Kh1 Qxd3 19.
Qc4 Qxc4 20. Nxc4 Bxe4 21. Bf4 Rf6 22. cxb6 Rg6 23. Ne3 cxb6 24. h4 Rc8 25. Rc1
d5 26. Kh2 Bxg2 27. Nxg2 Rg4 28. Be5 h6 29. Kh3 g5 30. hxg5 hxg5 31. Bg3 Kf7
32. Be1 Rh8+ 0-1

[Event "Mechanics' Litowsky TNM; 30/90, SD/30"]
[Site "San Francisco"]
[Date "2011.09.27"]
[Round "9.23"]
[White "Frank, Robert"]
[Black "Hilliard, Michael"]
[Result "1-0"]
[WhiteElo "1375"]
[BlackElo "1448"]
[PlyCount "65"]
[EventDate "2011.??.??"]

1. d4 d5 2. Nf3 Nf6 3. e3 e6 4. Bd3 c5 5. c3 Nc6 6. Nbd2 Bd6 7. e4 cxd4 8. cxd4
dxe4 9. Nxe4 Nxe4 10. Bxe4 Bd7 11. O-O O-O 12. Be3 Rc8 13. a3 Re8 14. b4 b5 15.
d5 exd5 16. Bxd5 a6 17. Bxf7+ Kxf7 18. Qxd6 Kg8 19. Rad1 Bg4 20. Qg3 Bd7 21.
Bh6 g6 22. Bg5 Qc7 23. Bf4 Qb7 24. Ng5 Be6 25. Rfe1 Bc4 26. Qf3 Re7 27. Ne4 Rf7
28. Nd6 Qa8 29. Nxf7 Kxf7 30. Bh6+ Kg8 31. Qc3 Rc7 32. Rd6 Ne7 33. Qg7# 1-0

[Event "Mechanics' Litowsky TNM; 30/90, SD/30"]
[Site "San Francisco"]
[Date "2011.09.06"]
[Round "6.24"]
[White "Frank, Robert"]
[Black "Olson, David"]
[Result "0-1"]
[WhiteElo "1375"]
[BlackElo "1417"]
[PlyCount "90"]
[EventDate "2011.??.??"]

1. d4 d5 2. Nf3 Nf6 3. e3 e6 4. Bd3 Nc6 5. Nbd2 Bd6 6. e4 e5 7. exd5 Nxd4 8.
Nxd4 exd4 9. Nf3 Bg4 10. Bb5+ Nd7 11. Qxd4 Bxf3 12. Qe3+ Qe7 13. Bxd7+ Kxd7 14.
Qxe7+ Kxe7 15. gxf3 Rhe8 16. Be3 a5 17. c4 Be5 18. O-O-O b6 19. f4 Bf6 20. h4
h5 21. f5 Red8 22. Bg5 Rd6 23. Rde1+ Kd7 24. Re4 Re8 25. Rhe1 Rxe4 26. Rxe4 b5
27. c5 Rxd5 28. Bxf6 gxf6 29. b4 axb4 30. Rxb4 Rxc5+ 31. Kd2 Rxf5 32. Ke3 c6
33. a4 Kd6 34. axb5 Rxb5 35. Rd4+ Rd5 36. Rf4 f5 37. Kf3 Ke5 38. Ke3 Rd3+ 39.
Kxd3 Kxf4 40. Ke2 Kg4 41. Ke3 Kxh4 42. Kf4 c5 43. Kxf5 c4 44. Ke4 Kg4 45. Kd4
h4 0-1

[Event "Mechanics' Litowsky TNM; 30/90, SD/30"]
[Site "San Francisco"]
[Date "2011.08.16"]
[Round "3.7"]
[White "Gaffagan, Steven"]
[Black "Bannik, Siddarth"]
[Result "1-0"]
[WhiteElo "2072"]
[BlackElo "1892"]
[PlyCount "61"]
[EventDate "2011.??.??"]

1. Nf3 f5 2. g3 g6 3. Bg2 Nf6 4. b3 Bg7 5. Bb2 d6 6. O-O e5 7. d3 O-O 8. Nbd2
Nc6 9. a3 a5 10. Rb1 h6 11. Ba1 g5 12. b4 Qe8 13. b5 Ne7 14. Nc4 e4 15. dxe4
fxe4 16. Nd4 Ng6 17. b6 d5 18. Ne3 c6 19. Ndf5 Ne5 20. Nxg7 Kxg7 21. Qd4 Ned7
22. c4 dxc4 23. Nf5+ Kh7 24. Nd6 Qg6 25. Nxe4 a4 26. Nd6 Ra5 27. Qxc4 Rc5 28.
Qe6 Rc2 29. Nxc8 Rxc8 30. Bxf6 Qxf6 31. Qxd7+ 1-0

[Event "Mechanics' Litowsky TNM; 30/90, SD/30"]
[Site "San Francisco"]
[Date "2011.09.20"]
[Round "8.5"]
[White "Gaffagan, Steven"]
[Black "Chamberlain, Ethan"]
[Result "1-0"]
[WhiteElo "2072"]
[BlackElo "1953"]
[PlyCount "53"]
[EventDate "2011.??.??"]

1. e4 c5 2. Nf3 g6 3. h4 h5 4. d4 cxd4 5. c3 d3 6. Bxd3 Nc6 7. O-O Qc7 8. Na3
a6 9. Nc4 b5 10. Ne3 Nf6 11. Nd5 Nxd5 12. exd5 Ne5 13. d6 Qxd6 14. Nxe5 Qxe5
15. Qf3 d5 16. Bf4 Qe6 17. Rfe1 Qc6 18. Bg5 Be6 19. a4 Rb8 20. axb5 axb5 21.
Ra7 Rb7 22. Rxb7 Qxb7 23. Bxg6 Kd8 24. Bxf7 Bxf7 25. Qxf7 Qd7 26. Rd1 Kc8 27.
Rxd5 1-0

[Event "Mechanics' Litowsky TNM; 30/90, SD/30"]
[Site "San Francisco"]
[Date "2011.08.30"]
[Round "5.7"]
[White "Gaffagan, Steven"]
[Black "Delmonico, Nils"]
[Result "1-0"]
[WhiteElo "2072"]
[BlackElo "1934"]
[PlyCount "63"]
[EventDate "2011.??.??"]

1. e4 e6 2. d4 d5 3. Nd2 Be7 4. Bd3 Nf6 5. e5 Nfd7 6. c3 c5 7. Ndf3 Nc6 8. Ne2
a5 9. O-O c4 10. Bc2 b5 11. Ne1 h5 12. Nf4 Nb6 13. Nxh5 g6 14. Ng3 Kd7 15. f4
Kc7 16. Nf3 Bd7 17. Be3 b4 18. Nh1 Na7 19. Nf2 Nb5 20. Qd2 bxc3 21. bxc3 a4 22.
Ng5 Qf8 23. Ng4 a3 24. Rab1 Ra5 25. Nf6 Qg7 26. Nxd7 Nxd7 27. h3 Kc6 28. Rf3
Nb6 29. Rbf1 Na4 30. Bf2 Naxc3 31. Rxc3 Bb4 32. Rxc4+ 1-0

[Event "Mechanics' LitowskyTNM; 30/90, SD/30"]
[Site "San Francisco"]
[Date "2011.08.02"]
[Round "1"]
[White "Gaffagan, Steven"]
[Black "Standen, Julian"]
[Result "1/2-1/2"]
[WhiteElo "2072"]
[BlackElo "1668"]
[PlyCount "96"]
[EventDate "2011.??.??"]

1. d4 d5 2. c4 c6 3. Nf3 Nf6 4. Nc3 a6 5. Bg5 e6 6. e3 Be7 7. Qc2 Nbd7 8. Rc1
O-O 9. Bd3 dxc4 10. Bxc4 b5 11. Bd3 Bb7 12. O-O Rc8 13. Rfd1 Re8 14. Ne5 Nf8
15. Be2 Nd5 16. Bxe7 Qxe7 17. Ne4 Nd7 18. Nxd7 Qxd7 19. Nc5 Qe7 20. Qe4 Rc7 21.
Bd3 Nf6 22. Qh4 Bc8 23. f4 g6 24. Be2 Nd7 25. Qxe7 Rxe7 26. Ne4 Nb8 27. Kf2 Kg7
28. g4 f6 29. g5 Nd7 30. Rc2 f5 31. Nc5 Nxc5 32. Rxc5 Red7 33. Rdc1 Rd6 34. h4
Bd7 35. h5 Be8 36. h6+ Kf8 37. Bf3 Ke7 38. R1c3 Bd7 39. b4 Kd8 40. Ra3 Ra7 41.
Ra5 Kc7 42. a4 Kb6 43. axb5 cxb5 44. Ke1 Bc6 45. Bxc6 Rxc6 46. Kd2 Rac7 47. Kd3
Rxc5 48. dxc5+ Rxc5 1/2-1/2

[Event "Mechanics' Litowsky TNM; 30/90, SD/30"]
[Site "San Francisco"]
[Date "2011.09.13"]
[Round "7.20"]
[White "Ganem, Paul"]
[Black "Allen, Tom"]
[Result "1-0"]
[WhiteElo "1845"]
[BlackElo "1551"]
[PlyCount "21"]
[EventDate "2011.??.??"]

1. e4 e5 2. Nf3 Nc6 3. Bb5 f5 4. d4 fxe4 5. Nxe5 Nf6 6. Bg5 h6 7. Bxf6 Qxf6 8.
Qh5+ g6 9. Nxg6 Qf7 10. Bc4 Qxc4 11. Ne5+ 1-0

[Event "Mechanics' Litowsky TNM; 30/90, SD/30"]
[Site "San Francisco"]
[Date "2011.08.23"]
[Round "4.12"]
[White "Ganem, Paul"]
[Black "Manvelyan, Hovik"]
[Result "0-1"]
[WhiteElo "1845"]
[BlackElo "2045"]
[PlyCount "68"]
[EventDate "2011.??.??"]

1. e4 c5 2. Nc3 Nc6 3. g3 g6 4. Bg2 Bg7 5. d3 e6 6. Be3 d6 7. Qd2 Rb8 8. f4
Nge7 9. Nf3 b5 10. O-O b4 11. Nd1 O-O 12. c3 a5 13. g4 Ba6 14. f5 exf5 15. gxf5
f6 16. fxg6 Nxg6 17. h4 Nce5 18. h5 Ne7 19. h6 Bh8 20. Bh3 Nxf3+ 21. Rxf3 Bc8
22. Bf5 Nxf5 23. exf5 Kf7 24. d4 Rg8+ 25. Kf1 Bb7 26. Rf2 Ba6+ 27. Re2 Qd7 28.
dxc5 Qxf5+ 29. Nf2 dxc5 30. Rd1 Rbd8 31. Qxd8 Rxd8 32. Rxd8 Qf3 33. Bxc5 Bxe2+
34. Ke1 Bc4 0-1

[Event "Mechanics' Litowsky TNM; 30/90, SD/30"]
[Site "San Francisco"]
[Date "2011.08.09"]
[Round "2.9"]
[White "Ganem, Paul"]
[Black "Wong, Russell"]
[Result "0-1"]
[WhiteElo "1845"]
[BlackElo "2202"]
[PlyCount "126"]
[EventDate "2011.??.??"]

1. e4 Nf6 2. e5 Nd5 3. d4 d6 4. Nf3 Bg4 5. Be2 e6 6. O-O c6 7. Re1 Nd7 8. Nbd2
Nf4 9. Nc4 Nxe2+ 10. Qxe2 d5 11. Ne3 Bh5 12. g4 Bg6 13. Ng2 Be7 14. Nf4 Be4 15.
Nh5 O-O 16. Ng3 Bg6 17. g5 Qa5 18. h4 Qb5 19. h5 Qxe2 20. Rxe2 Bf5 21. Nxf5
exf5 22. g6 hxg6 23. hxg6 fxg6 24. Bg5 Rfe8 25. Bxe7 Rxe7 26. Nh4 Re6 27. f4
Nf8 28. Rg2 Kf7 29. Kf2 Rc8 30. Nf3 Ke8 31. Rh1 c5 32. c3 Ra6 33. a3 Ne6 34.
dxc5 Nxf4 35. Rgh2 Nd3+ 36. Ke3 Nxc5 37. Rd1 Ne6 38. Rxd5 Rd8 39. Rh8+ Ke7 40.
Rdxd8 Nxd8 41. Nd4 Ne6 42. Rb8 Rb6 43. b4 Nd8 44. a4 Nc6 45. Rxb7+ Rxb7 46.
Nxc6+ Ke8 47. e6 Re7 48. Nxe7 Kxe7 49. c4 Kxe6 50. Kf4 Kd6 51. c5+ Kd5 52. Kg5
a5 53. b5 Kxc5 54. Kf4 Kd5 55. Kg5 Ke6 56. Kh4 $6 (56. Kf4 {
and it's not clear how Black can make progress.}) 56... Ke5 {
This appears to be the losing move.} 57. Kg3 $2 (57. Kg5 f4 58. Kg4 g5 59. Kf3
g6 60. Kg4 $11) 57... g5 58. Kf3 g4+ 59. Kg3 g5 60. Kf2 f4 61. Kg1 g3 62. Kg2
g4 63. Kg1 f3 0-1

[Event "Mechanics' Litowsky TNM; 30/90, SD/30"]
[Site "San Francisco"]
[Date "2011.09.27"]
[Round "9.1"]
[White "Goins, Demtrius"]
[Black "Lee, Andy"]
[Result "1/2-1/2"]
[WhiteElo "2084"]
[BlackElo "2267"]
[PlyCount "112"]
[EventDate "2011.??.??"]

1. d4 Nf6 2. Nf3 g6 3. Bf4 d6 4. h3 Bg7 5. e3 O-O 6. Be2 c5 7. c3 b6 8. Nbd2
Ba6 9. O-O Qc7 10. a4 Bxe2 11. Qxe2 Qb7 12. b4 cxb4 13. cxb4 Nd5 14. b5 Nxf4
15. exf4 e6 16. Rac1 Qd5 17. Rc7 Rd8 18. Ne4 Nd7 19. Nc3 Qf5 20. Qe3 Nf6 21. g4
Qc2 22. Rxf7 Kxf7 23. Ng5+ Kf8 24. Nxe6+ Kg8 25. Nxg7 Qb3 26. d5 Rd7 27. g5
Rxg7 28. Ne4 Qxe3 29. Nxf6+ Kf7 30. fxe3 Rc8 31. a5 bxa5 32. Ra1 Kf8 33. Rxa5
Rb7 34. Ne4 Rc2 35. Nxd6 Rd7 36. Ra6 Ke7 37. Ne4 Rxd5 38. Rxa7+ Kd8 39. Ra1
Rxb5 40. Rd1+ Ke7 41. Rd2 Rxd2 42. Nxd2 Rb2 43. Ne4 Re2 44. Nc3 Rb2 45. Ne4 Ke6
46. Nf2 Rb3 47. Ng4 Kf5 48. Kf2 Rb1 49. Kf3 Rf1+ 50. Kg2 Re1 51. Kf2 Rh1 52.
Kg2 Ra1 53. Kf3 Rf1+ 54. Nf2 Ra1 55. e4+ Ke6 56. Nd3 Ra3 1/2-1/2

[Event "Mechanics' LitowskyTNM; 30/90, SD/30"]
[Site "San Francisco"]
[Date "2011.08.02"]
[Round "1"]
[White "Goins, Demtrius"]
[Black "Lin, Aung"]
[Result "1-0"]
[WhiteElo "2084"]
[BlackElo "1702"]
[PlyCount "65"]
[EventDate "2011.??.??"]

1. d4 Nf6 2. Nf3 b6 3. c4 Bb7 4. a3 e6 5. Nc3 Be7 6. d5 O-O 7. e4 d6 8. Be2
Nbd7 9. dxe6 fxe6 10. Ng5 Nc5 11. f3 Ne8 12. Nh3 a5 13. Be3 Nd7 14. Qd2 Bh4+
15. g3 Bf6 16. O-O Be5 17. Rad1 Qe7 18. Nf2 h5 19. Nb5 h4 20. Bg5 Bf6 21. gxh4
Ne5 22. Nh3 Ng6 23. h5 Ne5 24. f4 Nf7 25. Bxf6 Nxf6 26. Bf3 Bxe4 27. Qg2 Bxf3
28. Rxf3 Nxh5 29. Qg6 Nf6 30. Rg3 Ne8 31. Nd4 Nh8 32. Qe4 Rf6 $4 33. Qxa8 1-0

[Event "Mechanics' Litowsky TNM; 30/90, SD/30"]
[Site "San Francisco"]
[Date "2011.09.06"]
[Round "6.2"]
[White "Goins, Demtrius"]
[Black "Manvelyan, Hayk"]
[Result "1/2-1/2"]
[WhiteElo "2084"]
[BlackElo "2193"]
[PlyCount "37"]
[EventDate "2011.??.??"]

1. d4 Nf6 2. Nf3 d6 3. Bg5 Nbd7 4. Nbd2 e5 5. c3 Be7 6. e4 O-O 7. Bc4 h6 8. Bh4
Nb6 9. Bxf6 Bxf6 10. dxe5 dxe5 11. Bb3 a5 12. Nc4 Nxc4 13. Bxc4 Bg4 14. Qxd8
Raxd8 15. Nd2 b6 16. f3 Bc8 17. Ke2 Rd6 18. g3 Rfd8 19. Rad1 1/2-1/2

[Event "Mechanics' Litowsky TNM; 30/90, SD/30"]
[Site "San Francisco"]
[Date "2011.08.30"]
[Round "5.4"]
[White "Goins, Demtrius"]
[Black "Runyon, Mike"]
[Result "1-0"]
[WhiteElo "2084"]
[BlackElo "1971"]
[PlyCount "55"]
[EventDate "2011.??.??"]

1. d4 Nf6 2. Nf3 d6 3. Bg5 Nbd7 4. Nbd2 e5 5. c3 Be7 6. e4 O-O 7. Bc4 c6 8. O-O
Qc7 9. Re1 b6 10. Nf1 Bb7 11. Ng3 b5 12. Bb3 c5 13. Nf5 Rfe8 14. a4 a6 15. d5
Bf8 16. Qd2 g6 17. Bxf6 Nxf6 18. Qg5 Bg7 19. N3h4 Qd8 20. Nxg7 Kxg7 21. Re3 Ng8
22. Qg3 Kh8 23. Rf1 Qe7 24. Bd1 f6 25. Nxg6+ hxg6 26. Qxg6 Bc8 27. g4 Qh7 28.
Qxe8 1-0

[Event "Mechanics' Litowsky TNM; 30/90, SD/30"]
[Site "San Francisco"]
[Date "2011.09.20"]
[Round "8.6"]
[White "Grey, Peter"]
[Black "Delmonico, Nils"]
[Result "1/2-1/2"]
[WhiteElo "2005"]
[BlackElo "1934"]
[PlyCount "60"]
[EventDate "2011.??.??"]

1. Nf3 Nf6 2. c4 e6 3. g3 b6 4. Bg2 Bb7 5. O-O Be7 6. d4 O-O 7. Nc3 Ne4 8. Bd2
Nxd2 9. Qxd2 Bf6 10. Rac1 d6 11. Qd3 g6 12. Rfd1 Nd7 13. Qe3 Bg7 14. Ne4 e5 15.
dxe5 Nxe5 16. Nxe5 Bxe5 17. Qd2 a5 18. b3 Rb8 19. Nc3 Bxg2 20. Kxg2 Bxc3 21.
Qxc3 Re8 22. Qf3 Qe7 23. e3 Qe4 24. Rd4 Qxf3+ 25. Kxf3 Re5 26. Re4 Rbe8 27.
Rxe5 Rxe5 28. Rd1 Kg7 29. Rd4 h5 30. h4 Kf6 1/2-1/2

[Event "Mechanics' Litowsky TNM; 30/90, SD/30"]
[Site "San Francisco"]
[Date "2011.09.13"]
[Round "7.5"]
[White "Grey, Peter"]
[Black "Krasnov, Steven"]
[Result "1/2-1/2"]
[WhiteElo "2005"]
[BlackElo "1983"]
[PlyCount "93"]
[EventDate "2011.??.??"]

1. d4 Nf6 2. c4 e6 3. Nf3 b6 4. g3 Ba6 5. Qa4 c5 6. Bg2 Bb7 7. dxc5 Bxc5 8. O-O
O-O 9. Nc3 h6 10. b4 Be7 11. Bb2 Na6 12. a3 Qc8 13. Qb3 d5 14. cxd5 Nxd5 15.
Rac1 Qe8 16. Nd4 Nac7 17. Nxd5 Nxd5 18. Nf5 exf5 19. Bxd5 Qd7 20. Rfd1 Bxd5 21.
Qxd5 Qxd5 22. Rxd5 a5 23. bxa5 Rxa5 24. Rxa5 bxa5 25. Rc7 Bd6 26. Rc6 Be7 27.
Rc7 Bd6 28. Rd7 Rb8 29. Rxd6 Rxb2 30. Rd5 f4 31. gxf4 Rxe2 32. Rxa5 Re4 33. f5
Kf8 34. Kg2 Ke7 35. Kf3 Re1 36. Kf4 Rh1 37. Ra7+ Kf6 38. Ra6+ Ke7 39. Kg3 Rg1+
40. Kf3 Rh1 41. Kg2 Rc1 42. Ra5 Kf6 43. h4 Rc4 44. Kg3 Rc3+ 45. f3 Rc2 46. a4
Rc4 47. Kh3 1/2-1/2

[Event "Mechanics' Litowsky TNM; 30/90, SD/30"]
[Site "San Francisco"]
[Date "2011.08.23"]
[Round "4.4"]
[White "Grey, Peter"]
[Black "Traub, Igor"]
[Result "0-1"]
[WhiteElo "2005"]
[BlackElo "2119"]
[PlyCount "86"]
[EventDate "2011.??.??"]

1. e4 e6 2. d4 d5 3. Nc3 Bb4 4. Qd3 Nf6 5. e5 Ne4 6. Nge2 c5 7. f3 cxd4 8. Nxd4
Nxc3 9. bxc3 Be7 10. f4 Nd7 11. Qf3 O-O 12. Bd3 Bh4+ 13. g3 Be7 14. O-O Qc7 15.
Kh1 a6 16. h4 Nc5 17. Bd2 b5 18. Rae1 Ne4 19. Bxe4 dxe4 20. Qe3 Bb7 21. Kh2 Bd5
22. Ra1 Ba3 23. Bc1 Bc5 24. a4 Rab8 25. axb5 axb5 26. Bd2 f6 27. exf6 Rxf6 28.
Rfb1 e5 29. fxe5 Qxe5 30. Qg1 Bc4 31. Bf4 Rxf4 32. gxf4 Qxf4+ 33. Qg3 Qd2+ 34.
Kh3 Rf8 35. Rd1 Qh6 36. Qg5 Qb6 37. Nf5 g6 38. Nh6+ Kh8 39. Qe5+ Qf6 40. Qxf6+
Rxf6 41. Ng4 Be6 42. Rf1 Rxf1 43. Rxf1 h5 0-1

[Event "Mechanics' Litowsky TNM; 30/90, SD/30"]
[Site "San Francisco"]
[Date "2011.08.09"]
[Round "2.6"]
[White "Grey, Peter"]
[Black "Woebcke, Carl"]
[Result "1/2-1/2"]
[WhiteElo "2005"]
[BlackElo "1847"]
[PlyCount "54"]
[EventDate "2011.??.??"]

1. e4 c5 2. Nf3 d6 3. d4 cxd4 4. Nxd4 Nf6 5. Nc3 a6 6. h3 e5 7. Nde2 h5 8. Be3
Be6 9. Qd2 Qa5 10. Nc1 Nbd7 11. Nb3 Bxb3 12. cxb3 Nc5 13. Bc4 Be7 14. a3 Qd8
15. b4 Ncd7 16. O-O O-O 17. f4 Nb6 18. Bb3 Qc7 19. Qd3 Nbd7 20. Rac1 Qd8 21.
Nd5 b5 22. Nc7 exf4 23. Bxf4 Ne5 24. Qe2 Ra7 25. Nd5 Nxd5 26. Bxd5 Bg5 27. Bxg5
Qxg5 1/2-1/2

[Event "Mechanics' LitowskyTNM; 30/90, SD/30"]
[Site "San Francisco"]
[Date "2011.08.02"]
[Round "1"]
[White "Hilliard, Michael"]
[Black "Curto, Wayne"]
[Result "0-1"]
[WhiteElo "1448"]
[BlackElo "1905"]
[PlyCount "54"]
[EventDate "2011.??.??"]

1. d4 d5 2. Nf3 Bf5 3. Nbd2 Nf6 4. e3 Nbd7 5. c4 c6 6. Qb3 Qc7 7. cxd5 cxd5 8.
Qa4 e6 9. Ne5 Bd6 10. Nxd7 Nxd7 11. Bb5 Ke7 12. Bxd7 Qxd7 13. Qd1 Qb5 14. a4
Qa6 15. b3 Rhc8 16. Ba3 Bxa3 17. Rxa3 Rc3 18. Ra1 Rac8 19. b4 Qd3 20. Nf3 Qxd1+
21. Rxd1 Bc2 22. Rd2 Bxa4 23. O-O Rc1 24. Ne1 Bb5 25. Nd3 R1c3 26. Rfd1 Bxd3
27. Rxd3 Rxd3 0-1

[Event "Mechanics' Litowsky TNM; 30/90, SD/30"]
[Site "San Francisco"]
[Date "2011.08.23"]
[Round "4.19"]
[White "Hilliard, Michael"]
[Black "Litowsky, Daniel"]
[Result "0-1"]
[WhiteElo "1448"]
[BlackElo "1700"]
[PlyCount "98"]
[EventDate "2011.??.??"]

1. d4 d5 2. Nf3 Nf6 3. e3 Bf5 4. Nbd2 e6 5. c4 h6 6. Qb3 b6 7. Ne5 Bd6 8. Qa4+
Nfd7 9. Ndf3 O-O 10. Nxd7 Nxd7 11. cxd5 exd5 12. Bb5 Re8 13. Bc6 Rb8 14. Bxd5
a5 15. Qb3 Qf6 16. O-O Be4 17. Bd2 Qg6 18. Rac1 Nf6 19. Bc6 Bxc6 20. Rxc6 Ne4
21. Qc2 Re6 22. Rc1 Rf6 23. Ne5 Qh5 24. Be1 Bxe5 25. dxe5 Qxe5 26. Rxf6 Nxf6
27. Qxc7 Qxc7 28. Rxc7 Rd8 29. Rc6 Rd1 30. Kf1 Nd5 31. Ke2 Rb1 32. Bc3 Nxc3+
33. bxc3 Rb2+ 34. Kf3 b5 35. Rc8+ Kh7 36. Rb8 b4 37. c4 a4 38. c5 b3 39. a3 Rc2
40. Rb4 Rxc5 41. Ke4 Rc2 42. Kf3 Kg6 43. h4 Ra2 44. Rxa4 Kf5 45. Rb4 Rxa3 46.
Rb5+ Ke6 47. Ke4 Kd6 48. Kd4 Kc6 49. Kc4 Ra4+ 0-1

[Event "Mechanics' Litowsky TNM; 30/90, SD/30"]
[Site "San Francisco"]
[Date "2011.08.16"]
[Round "3.23"]
[White "Hilliard, Michael"]
[Black "Mar, Henry"]
[Result "1-0"]
[WhiteElo "1448"]
[BlackElo "1537"]
[PlyCount "93"]
[EventDate "2011.??.??"]

1. d4 Nf6 2. Bg5 e6 3. Nf3 Be7 4. e3 O-O 5. Bd3 d5 6. O-O c5 7. c3 c4 8. Bc2
Nbd7 9. Nbd2 a6 10. Re1 b5 11. e4 dxe4 12. Nxe4 Nd5 13. Qd2 Re8 14. b3 N7b6 15.
bxc4 Nxc4 16. Qe2 h6 17. Bd2 Qc7 18. a4 Bd7 19. Bb3 Rac8 20. Bxc4 bxc4 21. Ne5
Nf6 22. Qf3 Bc6 23. Nxf6+ Bxf6 24. Qg3 Kh7 25. Qh3 Bxe5 26. Rxe5 Bd5 27. Rh5
Rh8 28. Re1 f6 29. Re3 Qb7 30. Kf1 Be4 31. Re1 Bd3+ 32. Kg1 Bf5 33. Qg3 g5 34.
f4 g4 35. Qh4 Qg7 36. Re3 Rb8 37. Rg3 Rb1+ 38. Kf2 Rb2 39. Ke3 Qb7 40. Rxh6+
Kg8 41. Rxh8+ Kg7 42. Qh6+ Kf7 43. Qh5+ Kg7 44. Rxg4+ Bxg4 45. Rh7+ Kf8 46.
Rxb7 Bxh5 47. Rxb2 1-0

[Event "Mechanics' Litowsky TNM; 30/90, SD/30"]
[Site "San Francisco"]
[Date "2011.09.13"]
[Round "7.23"]
[White "Hilliard, Michael"]
[Black "Morgan, Jerry"]
[Result "1/2-1/2"]
[WhiteElo "1448"]
[BlackElo "1442"]
[PlyCount "136"]
[EventDate "2011.??.??"]

1. d4 d5 2. Nf3 Nf6 3. e3 Bg4 4. c4 c6 5. cxd5 Nxd5 6. Qb3 Qc7 7. Ne5 Bf5 8.
Bc4 e6 9. O-O Nd7 10. f4 N7b6 11. Re1 Be4 12. Nd2 Bg6 13. Ndf3 Be7 14. e4 Nxc4
15. Qxc4 Nb6 16. Qd3 O-O-O 17. Bd2 Nd7 18. Rac1 Nc5 19. Qc2 Na6 20. Nxc6 Qxc6
21. Qxc6+ bxc6 22. Rxc6+ Kb7 23. Ne5 Rc8 24. Rc3 Rxc3 25. bxc3 Kc7 26. g4 f6
27. Nd3 Rb8 28. Kf2 Kd7 29. Kf3 Rb5 30. c4 Rb7 31. Rc1 Nc7 32. f5 Bf7 33. fxe6+
Nxe6 34. Be3 Rc7 35. c5 Ke8 36. d5 Nd8 37. c6 Bd6 38. Bf4 Ke7 39. Bxd6+ Kxd6
40. Nb4 Bg6 41. Na6 Rc8 42. c7 Nf7 43. Rc6+ Kd7 44. Nb8+ Ke8 45. Re6+ Kf8 46.
Nd7+ Kg8 47. Rc6 Ng5+ 48. Ke3 Bxe4 49. Rc5 Bg6 50. Nb8 Nf7 51. Na6 Kf8 52. Rb5
Ke7 53. Kd4 Nd6 54. Rb8 Kd7 55. Nc5+ Kxc7 56. Rxc8+ Kxc8 57. Ne6 Bb1 58. a4 g6
59. Kc5 Kd7 60. Nf8+ Kc7 61. Nxh7 Ne4+ 62. Kd4 Kd6 63. Nf8 Nc5 64. a5 Nb3+ 65.
Kc4 Nxa5+ 66. Kd4 Nb3+ 67. Kc4 Na5+ 68. Kd4 Nb3+ 1/2-1/2